00666nam a2200193 a 4500008004100000020001800041050001700059100001800076245014200094260002900236300001500265350000900280490002700289650003400316650004500350650002400395650003200419700002100451081202s2007 ||||||||||||||||| || u a9781858646243 aZ 711.47 Goo aBrown, Cheryl12aA good place to start: the IDS knowledge services guide to finding development information onlinecHurst, Gabrielle; Brown, Cheryl (eds.) aBrighton, UK:bIDSc2007 a84p.: ill. a0.00 aIDS knowledge services aELECTRONIC REFERENCE SERVICES aDEVELOPMENT INFORMATION--ONLINE SERVICES aSCHOLARLY WED SITES 0aAFRICA--ECONOMIC CONDITIONS aHurst, Gabrielle